000 00651nam a2200205Ia 4500
005 20260429112019.0
008 260429s9999||||xx |||||||||||||| ||und||
020 _a9781032663814
041 _aEnglish
082 _a371.9
_bMOL
100 _aMoloney, Hannah
245 0 _aNo child is missed, no child misses out :
_bhow to identify and support special educational needs and disabilities in your setting /
_cHannah Moloney
250 _a1st ed.
260 _aNew Delhi :
_bRoutledge,
_c2025.
300 _axiv, 305 p.; pbk
650 _a Inclusive classrooms
650 _a Learning disabilities
650 _aSpecial education
942 _cTB
999 _c51895
_d51895